Integrando la Neuroeducación al aula
Salvato in:
| Autori principali: | , |
|---|---|
| Natura: | Libro |
| Lingua: | spagnolo |
| Pubblicazione: |
Buenos Aires
Bonum
2012
|
| Edizione: | 1a. ed |
| Soggetti: | |
| Tags: |
Aggiungi Tag
Nessun Tag, puoi essere il primo ad aggiungerne!!
|
MARC
| LEADER | 00000cam a2200000 a 4500 | ||
|---|---|---|---|
| 001 | UCE7657 | ||
| 003 | CL-VaPUC | ||
| 008 | 150626e20120000ag |||||||||||||||||spa|d | ||
| 020 | |a 9789876670616 | ||
| 082 | 0 | 4 | |a 370.1 |b CAR |2 21 |
| 100 | 0 | |a Carminati de Limongelli, Mabel Ester |e author |9 580338 | |
| 700 | 0 | |a Waipan, Liliana |e author |9 580339 | |
| 245 | 1 | 0 | |a Integrando la Neuroeducación al aula |
| 250 | |a 1a. ed | ||
| 300 | |a 160 p | ||
| 942 | |c BK | ||
| 945 | |d 20150626 15:30:00 |a gsalatino | ||
| 260 | |a Buenos Aires |b Bonum |c 2012 | ||
| 650 | 7 | |a TEORIAS EDUCATIVAS |2 CL-VaPUC |9 389559 | |
| 583 | |a last modification |c 20150626 15:30:00 |k Rodrigo Vera | ||
| 999 | |c 359708 |d 359706 | ||
| 952 | |0 0 |1 0 |3 erb |4 0 |6 370_100000000000000_CAR_2012 |7 0 |8 A |9 469109 |a BIBTEO |b BIBTEO |i 5165636 |l 2 |o 370.1 CAR 2012 |p 5165636 |r 2025-01-17 |s 2024-09-05 |w 2019-11-23 |y BK |z Catalogado en:20150626 |k ICR | ||